|
|
|
|
| LEADER |
00000nam0a2200000 4500 |
| 001 |
99819 |
| 005 |
20231031111936.0 |
| 010 |
|
|
|a 5060048950
|
| 035 |
|
|
|a (RuTPU)RU\TPU\book\107223
|
| 090 |
|
|
|a 99819
|
| 100 |
|
|
|a 20060713d2006 m y0rusy50 ca
|
| 101 |
0 |
|
|a rus
|
| 102 |
|
|
|a RU
|
| 105 |
|
|
|a a j 001zy
|
| 200 |
1 |
|
|a Безопасность жизнедеятельности
|a Безопасность в чрезвычайных ситуациях природного и техногенного характера
|e учебное пособие
|f В. А. Акимов [и др.]
|
| 210 |
|
|
|a Москва
|c Высшая школа
|d 2006
|
| 215 |
|
|
|a 592 с.
|c ил.
|
| 320 |
|
|
|a Библиогр.: с. 581-583.
|
| 330 |
|
|
|a В книге даны анализ природной и техногенной безопасности, характеристики чрезвычайных ситуаций. Рассмотрены различного рода воздействия на человека, природную среду и техносферу, имеющие место при чрезвычайных ситуациях. Приведена методология управления природными и техногенными рисками. Раскрыто содержание мер по защите населения и территорий от чрезвычайных ситуаций, ликвидации их последствий, повышению устойчивости функционирования в этих условиях объектов экономики. Показаны возможности современного оружия и мероприятия по защите от военной опасности. Названы способы возмещения ущерба при чрезвычайных ситуациях.Для студентов вузов.
|
| 451 |
|
1 |
|0 (RuTPU)RU\TPU\book\156026
|y 978-5-06-004895-7
|t Безопасность жизнедеятельности. Безопасность в чрезвычайных ситуациях природного и техногенного характера
|o учебное пособие для вузов
|f В. А. Акимов [и др.]
|e 2-е изд., перераб.
|c М.
|n Высшая школа
|d 2007
|p 592 с.
|
| 610 |
1 |
|
|a безопасность жизнедеятельности
|
| 610 |
1 |
|
|a природная безопасность
|
| 610 |
1 |
|
|a техногенная безопасность
|
| 610 |
1 |
|
|a чрезвычайные ситуации
|
| 610 |
1 |
|
|a таксономия
|
| 610 |
1 |
|
|a риски
|
| 610 |
1 |
|
|a управление
|
| 610 |
1 |
|
|a психологические аспекты
|
| 610 |
1 |
|
|a физиологические аспекты
|
| 610 |
1 |
|
|a оценка
|
| 610 |
1 |
|
|a прогнозирование
|
| 610 |
1 |
|
|a предупреждение
|
| 610 |
1 |
|
|a государственная политика
|
| 610 |
1 |
|
|a опасности
|
| 610 |
1 |
|
|a защита
|
| 610 |
1 |
|
|a ущерб
|
| 610 |
1 |
|
|a военные действия
|
| 610 |
1 |
|
|a учебные пособия
|
| 675 |
|
|
|a 614.8(075.8)
|v 3
|
| 701 |
|
1 |
|a Акимов
|b В. А.
|g Валерий Александрович
|
| 701 |
|
1 |
|a Богачев
|b В. Я.
|g Валентин Яковлевич
|
| 701 |
|
1 |
|a Владимирский
|b В. К.
|g Владислав Константинович
|
| 701 |
|
1 |
|a Воробьев
|b Ю. Л.
|g Юрий Леонидович
|
| 801 |
|
1 |
|a RU
|b 63413507
|c 20060713
|g PSBO
|
| 801 |
|
2 |
|a RU
|b 63413507
|c 20130716
|g PSBO
|
| 900 |
|
|
|a Безопасность жизнедеятельности...
|
| 900 |
|
|
|a Безопасность технологических процессов и производств в э
|
| 900 |
|
|
|a Природоохранные сооружения
|
| 900 |
|
|
|a Природоохранные технологии на АЭС
|
| 900 |
|
|
|a Защита окружающей среды в чрезвычайной ситуации
|
| 942 |
|
|
|c BK
|
| 952 |
|
|
|b 140309
|b 280101
|b 280102
|b 280103
|b 280200
|b 140307
|b 280201
|b 280202
|b 280400
|
| 959 |
|
|
|a 68/20060712
|d 3
|e 0
|f АНЛ:1
|f ЧЗТЛ:2
|
| 959 |
|
|
|a 90/20061025
|d 1
|e 375,00
|f АНЛ:1
|